Electrical power systems / (Record no. 186992)
[ view plain ]
| 000 -LEADER | |
|---|---|
| fixed length control field | 01309 a2200193 4500 |
| 003 - CONTROL NUMBER IDENTIFIER | |
| control field | Nust |
| 005 - DATE AND TIME OF LATEST TRANSACTION | |
| control field | 20221028125506.0 |
| 020 ## - INTERNATIONAL STANDARD BOOK NUMBER | |
| International Standard Book Number | 812390116X |
| 040 ## - CATALOGING SOURCE | |
| Transcribing agency | Nust |
| 082 ## - DEWEY DECIMAL CLASSIFICATION NUMBER | |
| Classification number | 621.317,HUS |
| 100 ## - MAIN ENTRY--PERSONAL NAME | |
| Personal name | Husain, Ashfaq |
| 9 (RLIN) | 83297 |
| 245 ## - TITLE STATEMENT | |
| Title | Electrical power systems / |
| Statement of responsibility, etc. | Ashfaq Husain |
| 250 ## - EDITION STATEMENT | |
| Edition statement | 4th revised ed |
| 260 ## - PUBLICATION, DISTRIBUTION, ETC. | |
| Place of publication, distribution, etc. | New Delhi |
| Name of publisher, distributor, etc. | CBS pub |
| Date of publication, distribution, etc. | 2004. |
| 300 ## - PHYSICAL DESCRIPTION | |
| Extent | 538p |
| 505 ## - FORMATTED CONTENTS NOTE | |
| Formatted contents note | Load Characteristics (Page-1), Supply Systems (Page-13), Conductors (Page-30), Power Cables (Page-46), Line Insulators and Supports (Page-78), Sag and Tension (Page-102), Line Parameters (Page-126), Per Unit Representation (Page-176), Short and Medium Lines (Page-194), Long Transmission Lines (Page-216), General Network Constants (Page-230), Power Circle Diagrams (Page-255), Control of Voltage and Reactive Power (Page-271), Load Flow Analysis (Page-290), Economic Operation Of Power Systems (Page-316), Symmetries Faults (Page-331), Symmetrical Components (Page-352), Unsymmetrical Faults (Page-377), Power System Stability (Page-394), Traveling Waves (Page-429), Surge Protection (Page-459), Corona (Page-468), High Voltage Direct Current (Page-483), System Neutral Grounding (Page-499), Tariffs (Page-508), Power Factor Improvements (Page-515). |
| 650 ## - SUBJECT ADDED ENTRY--TOPICAL TERM | |
| Topical term or geographic name entry element | Electrical power Systems |
| 9 (RLIN) | 65847 |
| 942 ## - ADDED ENTRY ELEMENTS (KOHA) | |
| Source of classification or shelving scheme | |
| Koha item type | Book |
| Withdrawn status | Lost status | Source of classification or shelving scheme | Damaged status | Not for loan | Permanent Location | Current Location | Shelving location | Date acquired | Full call number | Barcode | Date last seen | Price effective from | Koha item type | Public note |
|---|---|---|---|---|---|---|---|---|---|---|---|---|---|---|
| Military College of Signals (MCS) | Military College of Signals (MCS) | General Stacks | 12/12/2016 | 621.317,HUS | MCS31182 | 12/08/2016 | 12/12/2016 | Book | Almirah No.29, Shelf No.2 |
